Nehéz elhelyezkedni Szegeden? ülést tartott a megyei képviselőcsoport /

Elmentve itt :
Bibliográfiai részletek
Szerző: Halász Miklós
Dokumentumtípus: Cikk
Megjelent: 1988-06-08
Sorozat:Délmagyarország 78 No. 136
Kulcsszavak:Csongrád megye, Közigazgatás tanács megyei Csongrád megye, Munkaügy munkaerőhelyzet Szeged
Online Access:http://dmarchiv.bibl.u-szeged.hu/86682
LEADER 00583nab a2200157 i 4500
001 delm86682
005 20190919143146.0
008 190919s1988 hu o 0|| hun d
040 |a SZTE Délmagyarország Archívum  |b hun 
041 |a hun 
100 1 |a Halász Miklós 
245 1 0 |a Nehéz elhelyezkedni Szegeden?   |h [elektronikus dokumentum] :  |b ülést tartott a megyei képviselőcsoport /  |c  Halász Miklós 
260 |c 1988-06-08 
300 |a 1 
490 0 |a Délmagyarország  |v 78 No. 136 
695 |a Csongrád megye, Közigazgatás tanács megyei Csongrád megye, Munkaügy munkaerőhelyzet Szeged